000 02264nam0a2200457 4500
001 RU\NLR\bibl\119206
005 20260409072738.0
010 _a5-88151-230-8
_9100
021 _aRU
_b2000-28379
_91340
035 _a(NLR Aleph) 000116726
090 _a663636
_c663636
100 _a20001012d2000 k y0rusy50 ca
101 0 _arus
102 _aRU
105 _ay |||||||||
200 1 _aМежкультурная коммуникация на рубеже веков
_eМатериалы конф.
_e[Посвящены 65-летию акад. Т.С. Серовой
_fРедкол.: Н.Л. Мышкина, к.филол.н. (отв. ред.) и др.]
210 _aПермь
_cПерм. гос. техн. ун-т
_d2000
215 _a102 с.
_cил.
_d20
300 _aВ надзаг.: М-во образования Рос. Федерации, Перм. гос. техн. ун-т
320 _aБиблиогр. в конце ст. и в подстроч. прим.
600 1 _aСерова
_bТ. С.
_f1935-
_gТамара Сергеевна
_2psbo
606 _aТекст (лингв.)
_jСборники
_3RU\NLR\auth\661077073
_91745069
606 _aТекст (лингв.)
_jСъезды, совещания и т.п.
_3RU\NLR\auth\661077073
_91745069
606 0 _aКоммуникативная лингвистика
_jСборники
_91366505
_3RU\NLR\auth\66572162
606 0 _aКоммуникативная лингвистика
_jСъезды, совещания и т.п.
_91366505
_3RU\NLR\auth\66572162
610 0 _aТекст (лингвист.) - Коммуникативная функция
610 0 _aИностранные языки - методика преподавания
675 _a81(082)
_v3
_zrus
686 _a16.41
_2rugasnti
686 _a81
_2rubbk
686 _aШ102.3я431
686 _aШ100.0я431
686 _aЧ486.17я431
702 1 _4340
_8rus
_7ca
_aМышкина
_bН. Л.
_gНэлли Леонидовна
_3RU\NLR\auth\7745414
_928352
801 0 _aRU
_bRKP
_c20001012
_gPSBO
801 1 _aRU
_bRKP
_c20001012
801 2 _aRU
_bNLR
_c20110314
_grcr
852 _aNLR
_j2000-3/14011
942 _cBOOK
980 _aNB